000 00386nam a2200157Ia 4500
001 15453
003 IN-NITTTR
005 20251114233145.0
008 251113s9999||||xx |||||||||||||| ||eng||
040 _beng
040 _cIN-NITTTR
041 _aeng
082 _a155.5 U2
245 0 _aUnderstanding adolescence :
_b current developments in adolescent psychology /
942 _2ddc
_cBK
999 _c18087
_d18087